UBT Library

Choosing A Medical Specialty (Record no. 54926)

000 -LEADER
fixed length control field 00325nam a22001457a 4500
008 - FIXED-LENGTH DATA ELEMENTS--GENERAL INFORMATION
fixed length control field 190925b ||||| |||| 00| 0 eng d
020 ## - INTERNATIONAL STANDARD BOOK NUMBER
International Standard Book Number 9780071790277
041 ## - LANGUAGE CODE
Language code of text/sound track or separate title eng
080 ## - UNIVERSAL DECIMAL CLASSIFICATION NUMBER
Universal Decimal Classification number 615.03
082 ## - DEWEY DECIMAL CLASSIFICATION NUMBER
Classification number 615.03
100 ## - Rafti
Rafti 3
101 ## - Shkurtesa
Shkurtesa SH.M
245 ## - TITLE STATEMENT
Title Choosing A Medical Specialty
Statement of responsibility, etc Freeman.B.S
942 ## - ADDED ENTRY ELEMENTS (KOHA)
Source of classification or shelving scheme
Item type Books
Holdings
Withdrawn status Lost status Source of classification or shelving scheme Damaged status Not for loan Permanent location Current location Shelving location Date acquired Total Checkouts Full call number Barcode Date last seen Price effective from Koha item type
          UBT - Gjilan UBT - Gjilan Koleksioni i përgjithshem 09/25/2019   615.03 FRE 002-3020128 09/25/2019 09/25/2019 Books
          UBT - Gjilan UBT - Gjilan Koleksioni i përgjithshem 09/25/2019   615.03 FRE 002-3020123 09/25/2019 09/25/2019 Books
          UBT - Gjilan UBT - Gjilan Koleksioni i përgjithshem 09/25/2019   615.03 FRE 002-3020182 09/25/2019 09/25/2019 Books
          UBT - Gjilan UBT - Gjilan Koleksioni i përgjithshem 09/25/2019   615.03 FRE 002-3020177 09/25/2019 09/25/2019 Books
          UBT - Gjilan UBT - Gjilan Koleksioni i përgjithshem 09/25/2019   615.03 FRE 002-3020172 09/25/2019 09/25/2019 Books
          UBT - Lipjan UBT - Lipjan   09/25/2019   615.03   09/25/2019 09/25/2019 Books
UBT Library © 2015-2024. All rights reserved University Education for Business and Technology